000
00210 a2200097 4500
001
15334
100
_a
Francillon R.J
245
_a
USAAF fighter units
260
_a
London
_b
Osprey p
_c
090
_c
11971
_d
11971
942
_a
NUST-CAE
_c
M
_c
2193
999
_c
250407
_d
250407